| 000 | 00390 a2200169 4500 | ||
|---|---|---|---|
| 001 | 191756 | ||
| 020 | _a85-366-0572-3 | ||
| 040 | _cMagnum | ||
| 100 | _aPrado, Areno | ||
| 240 | 1 | 0 |
_aCarruagem do amanhã, ou, o despertar _lpor |
| 245 | 1 | 0 | _aCarruagem do amanhã, ou, o despertar |
| 300 | _a115 | ||
| 362 | 0 | _a2006 | |
| 440 | 1 | _aScortecci | |
| 697 | _aLITERATURA GERAL | ||
| 942 | _cBK | ||
| 999 |
_c191756 _d191756 |
||